Слова : (Record no. 283914)
[ view plain ]
| 000 -LEADER | |
|---|---|
| fixed length control field | 00963nam a2200241 u 4500 |
| 001 - CONTROL NUMBER | |
| control field | 000774521 |
| 003 - CONTROL NUMBER IDENTIFIER | |
| control field | AM-YeHGA |
| 005 - DATE AND TIME OF LATEST TRANSACTION | |
| control field | 20250617143925.0 |
| 008 - FIXED-LENGTH DATA ELEMENTS--GENERAL INFORMATION | |
| fixed length control field | 101129s1966 |||| |||||||||| | rus c |
| 040 ## - CATALOGING SOURCE | |
| Original cataloging agency | AM-YeHGA |
| 041 1# - LANGUAGE CODE | |
| Language code of text/sound track or separate title | rus |
| Language code of original | fre |
| 090 ## - LOCALLY ASSIGNED LC-TYPE CALL NUMBER (OCLC); LOCAL CALL NUMBER (RLIN) | |
| -- | 285576 |
| 100 1# - MAIN ENTRY--PERSONAL NAME | |
| Personal name | Сартр, Жан Поль |
| Dates associated with a name | 1905-1980 |
| 245 10 - TITLE STATEMENT | |
| Title | Слова : |
| Remainder of title | [Повесть] / |
| Statement of responsibility, etc. | Жан-Поль Сартр; Пер. с франц. Л. Зониной, Ю. Яхниной; Предисл. М. Бажана; Ред. Е. Бабун. |
| 260 ## - PUBLICATION, DISTRIBUTION, ETC. | |
| Place of publication, distribution, etc. | Москва : |
| Name of publisher, distributor, etc. | Прогресс, |
| Date of publication, distribution, etc. | 1966. |
| 300 ## - PHYSICAL DESCRIPTION | |
| Extent | 176 с. ; |
| Dimensions | 20 см. |
| 534 ## - ORIGINAL VERSION NOTE | |
| Introductory phrase | Оригинал |
| Title statement of original | Les mots / |
| Main entry of original | Jean-Paul Sartre |
| Publication, distribution, etc. of original | Paris, 1964 |
| 650 14 - SUBJECT ADDED ENTRY--TOPICAL TERM | |
| Topical term or geographic name entry element | Ֆրանսիական գրականություն |
| General subdivision | Повесть |
| 700 1# - ADDED ENTRY--PERSONAL NAME | |
| Personal name | Зонина, Л. |
| Relator term | пер. |
| Relationship | trl |
| 700 1# - ADDED ENTRY--PERSONAL NAME | |
| Personal name | Яхнина, Ю. |
| Relator term | пер. |
| Relationship | trl |
| 700 1# - ADDED ENTRY--PERSONAL NAME | |
| Personal name | Бажан, Микола |
| Relator term | предисл. |
| Relationship | aui |
| 700 1# - ADDED ENTRY--PERSONAL NAME | |
| Personal name | Бабун, Е. |
| Relator term | ред. |
| Titles and other words associated with a name | edt |
| Withdrawn status | Lost status | Damaged status | Not for loan | Collection | Home library | Current library | Date acquired | Total checkouts | Full call number | Barcode | Date last seen | Price effective from | Koha item type | Public note |
|---|---|---|---|---|---|---|---|---|---|---|---|---|---|---|
| General | Fundamental Scientific Library | Fundamental Scientific Library | 29/12/2016 | PII/482018 | FL0280350 | 29/12/2016 | 29/12/2016 | Գրքեր / Books | 30 Days Loan |
ՀՀ Գիտությունների ազգային ակադեմիայի հիմնարար գիտական գրադարան = Fundamental Scientific Library of NAS RA
All site content, except where otherwise noted, is licensed under a